WWE Woman - Statistics

General Stats
  • This quiz has been taken 187 times
  • The average score is 6 of 15
Answer Stats
Hint Answer % Correct
she is married to cm punk Aj lee
86%
the boss Sasha banks
80%
was the youngest divas champ paige
64%
first womans champ Charlotte
57%
was in team extreme lita
57%
she is fabulous Carmella
56%
small but fierce alexa
54%
she is ravishing lana
52%
is the commissioner of raw Stephanie
52%
she is LIT naomi
37%
she is crazy Alicia fox
21%
likes to hug bailey
19%
is undefeated auska
6%
has a big mouth "excuse me" vickey
3%
she is hardcore mickey
2%
No matching quizzes found
Score Distribution
Percent of People with Each Score
Percentile by Number Answered
Your Score History
You have not taken this quiz